00465nam a2200109Ia 4500008004100000245018200041260003500223260000900258300000900267650001300276856006600289170516s9999 xx 000 0 und d aPreparation and Evaluation of Self-micro Emulsifying Drug Delivery Systems of Lercanidipine HCl using Medium and Short Chain Glycerides: A Comparative Study Dr. Shital B. Butani bAsian Journal of Pharmaceutics c2016 a10:4 xPharmacy uhttp://www.asiapharmaceutics.info/index.php/ajp/issue/view/70